00472nam a2200193 a 4500001001300000003000900013005001700022008004100039020000900080082001600089100002600105245002200131260002800153300000900181500003500190505001000225650001700235700002600252nice12345678IN_TiNIC20260116012001.0050524s1975 dela grp 000 0 urd  ac1500a491.43bWAS aWasif, Hafizur Rehman aUrdu Masdar Namah aDelhibUrdu Bazarc1975 a424p aincludes index and biblioraphy2 aIndex aUrdu-Grammar1 aWasif, Hafizur Rehman